Cambridge IGCSE: chemistry coursebook

Guardat en:
Dades bibliogràfiques
Autor principal: HARWOOD, Richard
Format: Llibre
Idioma:anglès
Publicat: Cambridge University Press 2014
Etiquetes: Afegir etiqueta
Sense etiquetes, Sigues el primer a etiquetar aquest registre!

MARC

LEADER 00000nam a22000007a 4500
008 210426b ||||| |||| 00| 0 eng d
020 |a : 978-1-316-11917-4 
100 |a HARWOOD, Richard 
245 |a Cambridge IGCSE: chemistry coursebook  |c Richard, Harwood  
250 |b 4th  |c  Richard, Harwood and Ian Lodge 
260 |b Cambridge University Press  |c 2014  |h  New York  |i 691520 – Sci., 691521  |l QD42 .H26  |m Chemistry – Examinations – Study guides 
500 |a “It includes index and CD” 
942 |a lcc  |c BK  |e Mr ogunleye  |f 26/4/2021 
952 |0 0  |1 0  |2 lcc  |4 0  |6 QD0042 H26  |7 0  |9 2303  |a HOL  |b SL  |d 2021-04-26  |l 0  |o QD42 .H26  |p 2021-6157  |r 2021-04-26 00:00:00  |w 2021-04-26  |y BK 
952 |0 0  |1 0  |2 lcc  |4 0  |6 QD0042 H26  |7 0  |9 2304  |a HOL  |b HOL  |d 2021-04-26  |l 0  |o QD42 .H26  |p 2021-6158  |r 2021-04-26 00:00:00  |w 2021-04-26  |y BK 
999 |c 1186  |d 1186